Musicians of the 2010s - Statistics

General Stats
  • This quiz has been taken 398 times
  • The average score is 19 of 22
Answer Stats
Songs Answer % Correct
'Thinking Out Loud' 'Shape Of You' Ed Sheeran
100%
'Grenade' '24K Magic' Bruno Mars
99%
'I Knew You Were Trouble.' 'Shake It Off' Taylor Swift
99%
'Someone Like You' 'Hello' Adele
98%
'Bad Romance''Shallow' Lady Gaga
98%
'Wrecking Ball''We Can't Stop' Miley Cyrus
97%
'Baby''Love Yourself' Justin Bieber
96%
'ocean eyes''bad guy' Billie Eilish
95%
'Firework''Dark Horse' Katy Perry
95%
'We Found Love' 'Diamonds' Rihanna
94%
'Hotline Bling' 'God's Plan' Drake
93%
'Dangerous Woman's'thank u, next' Ariana Grande
92%
'Super Bass' 'Anaconda' Nicki Minaj
91%
'Starboy''Can't Feel My Face' The Weeknd
91%
'Call Me Maybe''I Really Like You' Carly Rae Jepsen
88%
'New Rules''Don't Start Now' Dua Lipa
87%
'rockstar''Circles' Post Malone
82%
'We Don't Talk Anymore''Attention' Charlie Puth
80%
'Price Tag''Bang Bang' Jessie J
73%
'Drunk in Love' 'Formation' Beyoncé
65%
'This Is What You Came For''One Kiss' Calvin Harris
60%
'The Heart Wants What It Wants''Back to You' Selena Gomez
44%
No matching quizzes found
Score Distribution
Percent of People with Each Score
Percentile by Number Answered
Your Score History
You have not taken this quiz